000 00416nam a2200157Ia 4500
008 230917s9999||||xx |||||||||||||| ||und||
020 _cPOU2.95
040 _e3596
_aMAIN
041 _aEnglish
082 _a320.942 B531P
100 _aBrich, A H
245 0 _aPolitical integration and disintegration in the British Isles
260 _aLondon
_bGeorge, Allan and Unwin
_c1977
300 _a183 p.
942 _cBK
999 _c160548
_d160548